| 000 | 00925nam a2200253 i 4500 | ||
|---|---|---|---|
| 001 | 77746 | ||
| 003 | ES-MaACL | ||
| 005 | 20230906173348.0 | ||
| 007 | t| | ||
| 008 | 041105s2001 fr ||||1| fre d | ||
| 020 | _a2-7118-4043-3 | ||
| 080 | _a739.1.032(395)(083.824) | ||
| 245 | 0 | 1 |
_aL'or des rois Scythes / _cEllen D. Reeder, directeur de publication ; exposition organisée par la Réunion des musées nationaux, le San Antonio Museum of Art, la Walters Art Gallery. |
| 260 |
_aParis : _bRéunion des musées nationaux, _c[2001] |
||
| 300 |
_a352 p. : _bil., mapas ; _c30 cm. |
||
| 500 | _aExposición itinerante. | ||
| 504 | _aBibliografía: p. 335-348. | ||
| 650 | 1 | 4 |
_aOrfebrería escita- _vExposiciones. _915756 |
| 655 | 7 |
_2tgfbne _9193628 _aCatálogos de exposiciones |
|
| 700 | 1 |
_aReeder, Ellen D. _995846 |
|
| 852 |
_aES-MaACL _jL-28393 _bR.134426 |
||
| 942 | _2udc | ||
| 999 |
_c77746 _d77746 |
||